El califa de la calle Mayor (Record no. 173833)

MARC details
000 -LEADER
campo de control de longitud fija 00835namaa22001691 4500
001 - NÚMERO DE CONTROL
campo de control 173833
003 - IDENTIFICADOR DE NÚMERO DE CONTROL
campo de control ES-MaACL
005 - FECHA Y HORA DE LA ÚLTIMA TRANSACCIÓN
campo de control 20230906215347.0
008 - DATOS DE LONGITUD FIJA--INFORMACIÓN GENERAL
campo de control de longitud fija 100125s1861 sp |||| | spa d
100 1# - ENTRADA PRINCIPAL--NOMBRE DE PERSONA
Nombre de persona Fernández, Mariano.
9 (RLIN) 49405
245 13 - MENCIÓN DEL TÍTULO
Título El califa de la calle Mayor
Resto del título : juguete cómico-lírico en un acto y en verso /
Mención de responsabilidad, etc. arreglado del francés por Don Mariano Fernandez ; musica de Don Manuel Tubau.
260 ## - PUBLICACIÓN, DISTRIBUCIÓN, ETC.
Lugar de publicación, distribución, etc. Madrid :
Nombre del editor, distribuidor, etc. [s.n.],
Fecha de publicación, distribución, etc. 1861 (
Fabricante Imp. de José Rodríguez)
300 ## - DESCRIPCIÓN FÍSICA
Extensión 30 p., 1 h. ;
Dimensiones 17 cm.
500 ## - NOTA GENERAL
Nota general Solo la letra.
500 ## - NOTA GENERAL
Nota general En port.: Estrenado en el teatro del Príncipe de Madrid, el 24 de diciembre de 1860.
852 ## - LOCALIZACIÓN
Ubicación ES-MaACL
Número de control de estantería F-8618(7)
Nota libre .- Enc. pasta española
condición física .- Falto de la cub. original
Nota libre .- Enc. en un vol. facticio formando parte de la col. facticia "Teatro español moderno", vol. 73
Holdings
Estatus retirado Estado de pérdida Estado de daño No para préstamo Colección Biblioteca de origen Biblioteca actual Ubicación en estantería Fecha de adquisición Fuente de adquisición Total de préstamos Signatura topográfica completa Código de barras Visto por última vez Precio de reemplazo Tipo de ítem Koha
        Libros del s. XIX Biblioteca del Ateneo de Madrid Biblioteca del Ateneo de Madrid Sala Pecera Planta 2 25/01/2010     F-8618(7) 1182464 23/02/2023 23/02/2023 Libro impreso antiguo